[Event "ESP tch Segunda División 2014"]
[Site "Linares ESP"]
[Date "2014.08.18"]
[Round "1.6"]
[White "Fernandez Torre, Ivan"]
[Black "Perinan Freire, Antonio Jesus"]
[Result "0-1"]
[WhiteElo "2233"]
[BlackElo "1932"]
[PlyCount "95"]
[EventDate "2014.08.18"]
[EventType "team-swiss"]
[EventRounds "6"]
[EventCountry "ESP"]
[Source "lmi"]
[SourceDate "2014.08.18"]
[WhiteTeam "REAL GRUPO DE CULTURA COVADONGA"]
[BlackTeam "RUY LOPEZ DE CHICLANA"]

1. e4 c5 2. Nf3 Nc6 3. Nc3 d6 4. Bb5 Bd7 5. O-O Nf6 6. Re1 e6 7. d4 cxd4 8.
Nxd4 Be7 9. Be3 O-O 10. h3 a6 11. Bxc6 bxc6 12. Nb3 h6 13. Qe2 Qc7 14. Red1 d5
15. Bc5 Bxc5 16. Nxc5 Bc8 17. a4 Rb8 18. b3 Qa5 19. Qe3 Rd8 20. e5 Nd7 21. Nxd7
Rxd7 22. Rd4 Rb4 23. Rad1 c5 24. Rxb4 Qxb4 25. Qg3 Bb7 26. Qd3 Rc7 27. Ne2 c4
28. Qd4 a5 29. Qh4 Rc8 30. Nd4 cxb3 31. cxb3 Ba6 32. Qg4 Rc3 33. Qh4 Rc8 34.
Qf4 Rc3 35. Qh4 Rc8 36. f4 Qc3 37. Qf2 Bd3 38. f5 exf5 39. Nxf5 Qxe5 40. Nd4
Be4 41. Rf1 f5 42. Nxf5 Rc2 43. Nxh6+ Kh7 44. Ng4 Rxf2 45. Nxe5 Rxg2+ 46. Kh1
Rg5+ 47. Nf3 Rg3 48. Ra1 0-1

[Event "ESP tch Segunda División 2014"]
[Site "Linares ESP"]
[Date "2014.08.18"]
[Round "1.6"]
[White "Sevillano Leal, Julio"]
[Black "Cenal Gutierrez, Ruben"]
[Result "0-1"]
[WhiteElo "1788"]
[BlackElo "2224"]
[PlyCount "64"]
[EventDate "2014.08.18"]
[EventType "team-swiss"]
[EventRounds "6"]
[EventCountry "ESP"]
[Source "lmi"]
[SourceDate "2014.08.18"]
[WhiteTeam "RUY LOPEZ DE CHICLANA"]
[BlackTeam "REAL GRUPO DE CULTURA COVADONGA"]

1. d4 d5 2. Nf3 Nf6 3. g3 c6 4. Bg2 h6 5. O-O Bf5 6. Nbd2 e6 7. c4 Nbd7 8. Qb3
Qb6 9. c5 Qc7 10. Qc3 g5 11. b4 Bg7 12. Re1 O-O 13. Bb2 Rfe8 14. Ne5 Nxe5 15.
dxe5 Nd7 16. f4 a5 17. a3 f6 18. e4 dxe4 19. Nc4 axb4 20. axb4 Rxa1 21. Bxa1
Rf8 22. Bxe4 Bxe4 23. Rxe4 gxf4 24. gxf4 fxe5 25. Qg3 Kh8 26. Nd6 b6 27. Qg6
Qa7 28. Re1 Rf6 29. Qe8+ Kh7 30. Qe7 Qa2 31. Ne4 Rg6+ 32. Ng3 exf4 0-1

[Event "ESP tch Segunda División 2014"]
[Site "Linares ESP"]
[Date "2014.08.18"]
[Round "1.7"]
[White "Capel Fernandez, Manuel"]
[Black "Jordan Arenas, Manuel"]
[Result "0-1"]
[WhiteElo "1894"]
[BlackElo "2148"]
[PlyCount "61"]
[EventDate "2014.08.18"]
[EventType "team-swiss"]
[EventRounds "6"]
[EventCountry "ESP"]
[Source "lmi"]
[SourceDate "2014.08.18"]
[WhiteTeam "REVERTE ALBOX"]
[BlackTeam "C.A. MISLATA - INFORCHESS.COM"]

1. d4 d5 2. c4 c6 3. Nf3 Nf6 4. e3 Bf5 5. Nc3 e6 6. Nh4 Be4 7. f3 Bg6 8. Nxg6
hxg6 9. Bd2 Be7 10. Be2 Qc7 11. g3 Nbd7 12. cxd5 Nxd5 13. Kf2 Nxc3 14. bxc3 Bd6
15. Kg2 e5 16. Qb3 Rd8 17. a4 Nf6 18. e4 Qc8 19. Be3 Qh3+ 20. Kf2 O-O 21. Qxb7
Nh5 22. Qxc6 exd4 23. Bxd4 Bxg3+ 24. hxg3 Qxg3+ 25. Ke3 Qf4+ 26. Kd3 Rd6 27.
Qc5 Rfd8 28. Rag1 Ng3 29. Rh3 Nxe2 30. Kxe2 Rb8 31. Rgh1 0-1

[Event "ESP tch Segunda División 2014"]
[Site "Linares ESP"]
[Date "2014.08.18"]
[Round "1.7"]
[White "Galindo Rodriguez, Francisco"]
[Black "Garcia Roman, Daniel"]
[Result "0-1"]
[WhiteElo "2235"]
[BlackElo "2390"]
[PlyCount "53"]
[EventDate "2014.08.18"]
[EventType "team-swiss"]
[EventRounds "6"]
[EventCountry "ESP"]
[Source "lmi"]
[SourceDate "2014.08.18"]
[WhiteTeam "REVERTE ALBOX"]
[BlackTeam "C.A. MISLATA - INFORCHESS.COM"]

1. e4 e6 2. d4 d5 3. Nc3 Nf6 4. e5 Nfd7 5. f4 c5 6. Nf3 Nc6 7. Be3 Be7 8. Qd2
O-O 9. Be2 b6 10. O-O-O c4 11. f5 b5 12. fxe6 fxe6 13. Nxb5 Rb8 14. Nd6 Bxd6
15. exd6 Nb4 16. Kb1 Nf6 17. a3 Ne4 18. Qe1 Nxc2 19. Kxc2 Bd7 20. Rb1 Rb3 21.
Bd1 Qb6 22. Nd2 Rb8 23. Nxb3 cxb3+ 24. Kc1 Rf8 25. Bxb3 Qxb3 26. Ra1 Qd1+ 27.
Qxd1 0-1

[Event "ESP tch Segunda División 2014"]
[Site "Linares ESP"]
[Date "2014.08.18"]
[Round "1.7"]
[White "Rubio Tapia, Jose Juan"]
[Black "Navarrete Espi, Samuel"]
[Result "1/2-1/2"]
[WhiteElo "2060"]
[BlackElo "2245"]
[PlyCount "111"]
[EventDate "2014.08.18"]
[EventType "team-swiss"]
[EventRounds "6"]
[EventCountry "ESP"]
[Source "lmi"]
[SourceDate "2014.08.18"]
[WhiteTeam "REVERTE ALBOX"]
[BlackTeam "C.A. MISLATA - INFORCHESS.COM"]

1. d4 Nf6 2. c4 g6 3. Nc3 Bg7 4. e4 d6 5. Nf3 O-O 6. Be2 Bg4 7. O-O Nc6 8. Be3
Nd7 9. Qd2 Bxf3 10. Bxf3 e5 11. d5 Nd4 12. Bxd4 exd4 13. Nb5 Ne5 14. Be2 c5 15.
dxc6 Nxc6 16. Rad1 a6 17. Na3 Qb6 18. b3 Rfe8 19. Bd3 Rac8 20. Nc2 Qc5 21. Kh1
Qh5 22. f4 Qc5 23. Rf3 b5 24. b4 Qb6 25. cxb5 axb5 26. Na3 Na7 27. f5 Rc3 28.
fxg6 fxg6 29. Nb1 Rc7 30. Qg5 Be5 31. Rdf1 Qb7 32. Nd2 Qc8 33. Nb3 Qe6 34. Rf8+
Rxf8 35. Rxf8+ Kg7 36. Rf3 Nc6 37. Bxb5 Nxb4 38. Qd8 Rf7 39. Rxf7+ Qxf7 40. Qd7
Nxa2 41. Qxf7+ Kxf7 42. Bc4+ Kf6 43. Nxd4 Nc3 44. Nb5 Nxe4 45. Nc7 Kg5 46. g3
h5 47. Kg2 h4 48. Ne6+ Kf6 49. gxh4 Nc3 50. Nc7 Nd1 51. Nd5+ Kf5 52. Be2 Nb2
53. Ne7+ Kf6 54. Nd5+ Ke6 55. Nc7+ Kf5 56. Nd5 1/2-1/2

[Event "ESP tch Segunda División 2014"]
[Site "Linares ESP"]
[Date "2014.08.18"]
[Round "1.8"]
[White "Aranaz Murillo, Amalia"]
[Black "Vinuela Diaz, S."]
[Result "1-0"]
[WhiteElo "2314"]
[BlackElo "2145"]
[PlyCount "95"]
[EventDate "2014.08.18"]
[EventType "team-swiss"]
[EventRounds "6"]
[EventCountry "ESP"]
[Source "lmi"]
[SourceDate "2014.08.18"]
[WhiteTeam "ALEKHINE ESPARTINAS"]
[BlackTeam "GRUPO 64"]

1. Nf3 Nf6 2. c4 e6 3. g3 d5 4. Bg2 Be7 5. O-O O-O 6. d4 dxc4 7. Qc2 a6 8. Qxc4
b5 9. Qc2 Bb7 10. Bf4 Nc6 11. Rd1 Nb4 12. Qc1 Rc8 13. a3 Nbd5 14. b4 a5 15.
bxa5 c5 16. Bd2 b4 17. axb4 cxb4 18. Qb2 Ba6 19. Bg5 Nc3 20. Re1 h6 21. Bxf6
Bxf6 22. Nxc3 bxc3 23. Qb6 Qxb6 24. axb6 Bb7 25. e3 Rb8 26. Rab1 Rfc8 27. Rec1
Bd8 28. Rb3 c2 29. Ne1 Bxg2 30. Kxg2 Rxb6 31. Rxb6 Bxb6 32. Rxc2 Rxc2 33. Nxc2
f5 34. h4 Kf7 35. Ne1 g5 36. Nf3 Kf6 37. Ne5 Bd8 38. Kf3 Bc7 39. Nc4 gxh4 40.
gxh4 Kg6 41. Kg2 Kh5 42. Kh3 Bd8 43. Ne5 Bxh4 44. Nd3 Bg5 45. Nc5 f4 46. e4 Bh4
47. f3 Be7 48. Nxe6 1-0

[Event "ESP tch Segunda División 2014"]
[Site "Linares ESP"]
[Date "2014.08.18"]
[Round "1.8"]
[White "Del Valle Rosas, Alfonso"]
[Black "Lopez Gonzalez, Daniel"]
[Result "0-1"]
[WhiteElo "1971"]
[BlackElo "2239"]
[PlyCount "66"]
[EventDate "2014.08.18"]
[EventType "team-swiss"]
[EventRounds "6"]
[EventCountry "ESP"]
[Source "lmi"]
[SourceDate "2014.08.18"]
[WhiteTeam "GRUPO 64"]
[BlackTeam "ALEKHINE ESPARTINAS"]

1. Nf3 Nf6 2. c4 e6 3. g3 d5 4. Bg2 Be7 5. O-O O-O 6. d4 c6 7. Qc2 b6 8. Nbd2
Bb7 9. e4 Na6 10. b3 c5 11. exd5 exd5 12. Bb2 Nb4 13. Qb1 dxc4 14. Nxc4 Be4 15.
Qd1 Nd3 16. Ba3 cxd4 17. Bxe7 Qxe7 18. Nxd4 Bxg2 19. Kxg2 Qe4+ 20. Nf3 Rad8 21.
Qb1 Nd5 22. Ncd2 Qg4 23. Kh1 Nc3 24. Qc2 Ne4 25. Kg2 Nf4+ 26. Kg1 Nh3+ 27. Kg2
Nxd2 28. Nxd2 Ng5 29. f3 Qh5 30. Rac1 Rfe8 31. Nc4 b5 32. Nb2 Re3 33. Qc6 Re2+
0-1

[Event "ESP tch Segunda División 2014"]
[Site "Linares ESP"]
[Date "2014.08.18"]
[Round "1.8"]
[White "Gutierrez Valero, Mario"]
[Black "Fernandez Diaz, Ignacio"]
[Result "1-0"]
[WhiteElo "2198"]
[BlackElo "2004"]
[PlyCount "97"]
[EventDate "2014.08.18"]
[EventType "team-swiss"]
[EventRounds "6"]
[EventCountry "ESP"]
[Source "lmi"]
[SourceDate "2014.08.18"]
[WhiteTeam "ALEKHINE ESPARTINAS"]
[BlackTeam "GRUPO 64"]

1. d4 Nf6 2. c4 e6 3. Nf3 d5 4. g3 dxc4 5. Bg2 Bb4+ 6. Bd2 c5 7. Bxb4 cxb4 8.
Qa4+ Nc6 9. Ne5 O-O 10. Nxc6 bxc6 11. Qxb4 Nd5 12. Qxc4 Qb6 13. Qc1 Rb8 14. O-O
Ba6 15. Nd2 Qxd4 16. Nb3 Qb6 17. Re1 Rfd8 18. Nc5 Bb7 19. e4 Nb4 20. Bf1 Na6
21. Bxa6 Bxa6 22. Qc3 Rd6 23. Rad1 Rbd8 24. Rxd6 Rxd6 25. Rc1 h6 26. Kg2 Qb5
27. a3 Qb6 28. b4 Qb5 29. a4 Qe2 30. Nxa6 Qxa6 31. Qc5 Qd3 32. Qc4 Qd2 33. e5
Qd5+ 34. Qxd5 Rxd5 35. Rxc6 Rxe5 36. Ra6 Re4 37. b5 Rb4 38. Rxa7 Kf8 39. Kf3 g6
40. Ke3 Rb2 41. h4 Kg7 42. Ra6 Kf6 43. b6 Ke5 44. a5 Kd5 45. Ra7 f5 46. b7 Kc6
47. a6 Kc7 48. Ra8 Rb4 49. Rc8+ 1-0

[Event "ESP tch Segunda División 2014"]
[Site "Linares ESP"]
[Date "2014.08.18"]
[Round "1.8"]
[White "Marino Bravo, Marco Antonio"]
[Black "Santos Ruiz, Miguel"]
[Result "0-1"]
[WhiteElo "2087"]
[BlackElo "2306"]
[PlyCount "80"]
[EventDate "2014.08.18"]
[EventType "team-swiss"]
[EventRounds "6"]
[EventCountry "ESP"]
[Source "lmi"]
[SourceDate "2014.08.18"]
[WhiteTeam "GRUPO 64"]
[BlackTeam "ALEKHINE ESPARTINAS"]

1. d4 Nf6 2. Nf3 e6 3. g3 b6 4. Bg2 Bb7 5. O-O Be7 6. c4 O-O 7. Nc3 Na6 8. d5
Bb4 9. Bg5 Bxc3 10. bxc3 h6 11. Bf4 Nc5 12. Nd4 Re8 13. dxe6 fxe6 14. Bxb7 Nxb7
15. Nf3 d6 16. Qc2 e5 17. Be3 Qd7 18. Kg2 Na5 19. Rfd1 Nxc4 20. Bc1 Rf8 21. Qb3
Qf7 22. Rf1 Ne4 23. Ne1 Ned2 24. Bxd2 Nxd2 25. Qxf7+ Rxf7 26. Rg1 Ne4 27. f3
Nxc3 28. e4 Ne2 29. Rf1 Nd4 30. Rc1 b5 31. Rf2 c5 32. Rb2 Rb8 33. Rc3 b4 34.
Rc1 a5 35. Rf2 Rbf8 36. Rc4 g5 37. g4 Kg7 38. Rc1 Kf6 39. Kg3 Ke6 40. h4 gxh4+
0-1

[Event "ESP tch Segunda División 2014"]
[Site "Linares ESP"]
[Date "2014.08.19"]
[Round "2.1"]
[White "Antoli Royo, Joaquin Miguel"]
[Black "Perez Mauricio, Xoel"]
[Result "1-0"]
[WhiteElo "2428"]
[BlackElo "2226"]
[PlyCount "91"]
[EventDate "2014.08.18"]
[EventType "team-swiss"]
[EventRounds "6"]
[EventCountry "ESP"]
[Source "lmi"]
[SourceDate "2014.08.18"]
[WhiteTeam "JAIME CASAS"]
[BlackTeam "CIRCULO FERROLANO DE AJEDREZ"]

1. e4 d6 2. d4 Nf6 3. Nc3 e5 4. Nf3 Nbd7 5. Bc4 Be7 6. a4 O-O 7. O-O c6 8. a5
Rb8 9. Qe2 b5 10. axb6 axb6 11. b4 Bb7 12. Rd1 Qc7 13. d5 cxd5 14. exd5 Rfc8
15. Nd2 Ra8 16. Bb2 Rxa1 17. Rxa1 Ra8 18. Rxa8+ Bxa8 19. Bb3 Bb7 20. Qb5 Bd8
21. Nc4 h6 22. Ne3 g6 23. Qa4 Be7 24. Nb5 Qb8 25. Na7 Qa8 26. c4 h5 27. Nd1 Bf8
28. Nc3 Nb8 29. Ncb5 Na6 30. Nc6 Qc8 31. h3 Nd7 32. Bc1 Nab8 33. Nxb8 Qxb8 34.
Be3 Be7 35. Na7 Qc7 36. Nc6 Bf6 37. Qa7 Kh7 38. Ba4 e4 39. Bb5 Qc8 40. Qa4 Qc7
41. Qc2 Ne5 42. Qxe4 Bc8 43. Qf4 Bf5 44. Nd4 Qc8 45. Nxf5 Qd8 46. Bc1 1-0

[Event "ESP tch Segunda División 2014"]
[Site "Linares ESP"]
[Date "2014.08.19"]
[Round "2.1"]
[White "Forcen Esteban, Daniel"]
[Black "Fernandez Borrego, Pablo"]
[Result "1-0"]
[WhiteElo "2536"]
[BlackElo "2343"]
[PlyCount "123"]
[EventDate "2014.08.18"]
[EventType "team-swiss"]
[EventRounds "6"]
[EventCountry "ESP"]
[Source "lmi"]
[SourceDate "2014.08.18"]
[WhiteTeam "JAIME CASAS"]
[BlackTeam "CIRCULO FERROLANO DE AJEDREZ"]

1. d4 e6 2. Nf3 Nf6 3. e3 b6 4. Bd3 Bb7 5. O-O c5 6. c4 Be7 7. Nc3 O-O 8. d5
exd5 9. cxd5 d6 10. e4 Nbd7 11. h3 Ne8 12. Bf4 Bf6 13. Bh2 Ne5 14. Nxe5 Bxe5
15. f4 Bd4+ 16. Kh1 f5 17. Qb3 fxe4 18. Nxe4 Nf6 19. Ng5 h6 20. Ne6 Bxd5 21.
Nxd8 Bxb3 22. Nc6 Bf7 23. Nxd4 cxd4 24. f5 d5 25. Be5 Ne4 26. Kh2 Nc5 27. Rad1
Nxd3 28. Rxd3 Rfe8 29. Bxd4 Re4 30. Rfd1 Kh7 31. Rg3 Rg8 32. Rc3 Rge8 33. Rg3
Rg8 34. Ra3 Re7 35. Rd2 Rc8 36. Rg3 Rg8 37. Rc2 Bh5 38. Rc6 Re4 39. Rd3 Re7 40.
Rd6 Bf7 41. Bc3 Rge8 42. Rg3 Rg8 43. a3 Rc7 44. a4 Re7 45. a5 bxa5 46. Bxa5 Re5
47. Rf3 d4 48. Bd2 Rd5 49. Rxd5 Bxd5 50. Rf4 Rf8 51. g4 Bg8 52. Rxd4 Rf7 53.
Rd6 Rb7 54. Bc3 Bc4 55. Kg3 Bg8 56. Rg6 Bc4 57. Kf4 Bf1 58. h4 Bc4 59. g5 hxg5+
60. hxg5 Rf7 61. Rc6 Bd3 62. g6+ 1-0

[Event "ESP tch Segunda División 2014"]
[Site "Linares ESP"]
[Date "2014.08.19"]
[Round "2.1"]
[White "Mejuto de Ulloa, Jorge"]
[Black "Ramiro Ovejero, Juan Luis"]
[Result "0-1"]
[WhiteElo "2112"]
[BlackElo "2364"]
[PlyCount "62"]
[EventDate "2014.08.18"]
[EventType "team-swiss"]
[EventRounds "6"]
[EventCountry "ESP"]
[Source "lmi"]
[SourceDate "2014.08.18"]
[WhiteTeam "CIRCULO FERROLANO DE AJEDREZ"]
[BlackTeam "JAIME CASAS"]

1. Nf3 d5 2. g3 Nc6 3. d4 Bg4 4. Bg2 e6 5. O-O Bd6 6. b3 Nf6 7. Bb2 O-O 8. c4
Bxf3 9. Bxf3 Ne4 10. Bxe4 dxe4 11. d5 exd5 12. cxd5 Ne5 13. Qd4 f5 14. Nd2 Qe7
15. Rac1 h5 16. f4 Ng4 17. Kg2 h4 18. gxh4 Rf6 19. Rc3 Rg6 20. Rg3 Bc5 21. Qc3
Ne3+ 22. Kh3 Rxg3+ 23. hxg3 Nxf1 24. Nxf1 Rd8 25. Ne3 Bxe3 26. Qxe3 Rxd5 27.
Qxa7 Rd2 28. Bc3 Rxe2 29. Qxb7 Qf7 30. Qb4 Qh5 31. Qxe4 Rxe4 0-1

[Event "ESP tch Segunda División 2014"]
[Site "Linares ESP"]
[Date "2014.08.19"]
[Round "2.1"]
[White "Pazos Porta, Antonio"]
[Black "Garza Marco, Sergio"]
[Result "1/2-1/2"]
[WhiteElo "2313"]
[BlackElo "2445"]
[PlyCount "87"]
[EventDate "2014.08.18"]
[EventType "team-swiss"]
[EventRounds "6"]
[EventCountry "ESP"]
[Source "lmi"]
[SourceDate "2014.08.18"]
[WhiteTeam "CIRCULO FERROLANO DE AJEDREZ"]
[BlackTeam "JAIME CASAS"]

1. e4 e6 2. d4 d5 3. Nc3 Bb4 4. e5 c5 5. Bd2 Ne7 6. Nb5 Bxd2+ 7. Qxd2 O-O 8. f4
Bd7 9. dxc5 Bxb5 10. Bxb5 b6 11. c6 Nbxc6 12. Nf3 a6 13. Bd3 b5 14. O-O-O Qa5
15. Qxa5 Nxa5 16. Nd4 Nec6 17. Nxc6 Nxc6 18. Rhe1 Rac8 19. Kd2 Rc7 20. Ra1 Nb4
21. a3 Nxd3 22. cxd3 f6 23. exf6 Rxf6 24. Rac1 Rxc1 25. Rxc1 Rxf4 26. Ke3 Ra4
27. Rc7 b4 28. Re7 bxa3 29. bxa3 Rxa3 30. Rxe6 Ra2 31. Kf3 Kf7 32. Rd6 Ra5 33.
Rd7+ Kf6 34. g4 h6 35. h4 Rb5 36. Rd6+ Ke5 37. Rxa6 Rb3 38. Rg6 Rxd3+ 39. Ke2
Rh3 40. Rxg7 Rxh4 41. g5 h5 42. g6 Kd4 43. Rh7 Re4+ 44. Kd2 1/2-1/2

[Event "ESP tch Segunda División 2014"]
[Site "Linares ESP"]
[Date "2014.08.19"]
[Round "2.2"]
[White "Cruz Alvarez de Ron, Dan"]
[Black "Napoli, Nicolo"]
[Result "0-1"]
[WhiteElo "2220"]
[BlackElo "2315"]
[PlyCount "60"]
[EventDate "2014.08.18"]
[EventType "team-swiss"]
[EventRounds "6"]
[EventCountry "ESP"]
[Source "lmi"]
[SourceDate "2014.08.18"]
[WhiteTeam "CLUB XADREZ FONTECARMOA"]
[BlackTeam "64 VILLALBA"]

1. e4 g6 2. d4 Bg7 3. Nc3 c6 4. Nf3 d5 5. h3 Nh6 6. Bf4 f6 7. exd5 cxd5 8. Nb5
O-O 9. Qd2 Nf7 10. Bc7 Qd7 11. Bxb8 Rxb8 12. Nxa7 Bh6 13. Qb4 Qe6+ 14. Be2 Nd6
15. Kf1 Bd7 16. Re1 Ne4 17. Nb5 Qf5 18. Bd3 Bd2 19. Nc3 Bxe1 20. Kxe1 Bc6 21.
Nd1 e5 22. Ne3 Qf4 23. Ke2 Rbe8 24. g3 Qh6 25. dxe5 Nxf2 26. Kxf2 fxe5 27. Qb3
e4 28. Be2 exf3 29. Bxf3 Rxf3+ 30. Kxf3 Rxe3+ 0-1

[Event "ESP tch Segunda División 2014"]
[Site "Linares ESP"]
[Date "2014.08.19"]
[Round "2.2"]
[White "Espinosa Aranda, Angel"]
[Black "Gonzalez Diaz, Julio"]
[Result "0-1"]
[WhiteElo "2385"]
[BlackElo "2286"]
[PlyCount "132"]
[EventDate "2014.08.18"]
[EventType "team-swiss"]
[EventRounds "6"]
[EventCountry "ESP"]
[Source "lmi"]
[SourceDate "2014.08.18"]
[WhiteTeam "64 VILLALBA"]
[BlackTeam "CLUB XADREZ FONTECARMOA"]

1. e4 g6 2. d4 Bg7 3. Nc3 c6 4. Nf3 d5 5. h3 Nh6 6. Be2 f6 7. O-O O-O 8. Re1
Nf7 9. Bf1 b6 10. a4 a5 11. exd5 cxd5 12. Bf4 Nc6 13. Bb5 Nb4 14. Qe2 Ra7 15.
Nd1 e5 16. dxe5 fxe5 17. Bg3 Bf5 18. Ne3 e4 19. Nh2 Bxb2 20. Rab1 Bg7 21. Red1
d4 22. Qc4 Qe7 23. Rxd4 Bxd4 24. Qxd4 Qc5 25. Qf6 Nd5 26. Nxd5 Qxd5 27. Qxb6
Rb7 28. Qxa5 e3 29. fxe3 Qc5 30. Qe1 Re7 31. Bf2 Qxc2 32. Rc1 Qe4 33. Nf3 Ne5
34. Ng5 Qb7 35. e4 Bd7 36. Be2 Ree8 37. a5 Rc8 38. Rb1 Qa8 39. Bd4 Nf7 40. Nxf7
Rxf7 41. Bd3 Be6 42. Ba1 Qa7+ 43. Kh1 Qf2 44. Qxf2 Rxf2 45. a6 Ra2 46. Be5 Bc4
47. Rb8 Bxd3 48. Rxc8+ Kf7 49. Rc7+ Ke6 50. Bc3 Rxa6 51. Rc5 Ra2 52. Kg1 Rc2
53. Re5+ Kf7 54. Bb4 Re2 55. Re7+ Kf6 56. e5+ Kf5 57. Bc3 h5 58. Rf7+ Ke6 59.
Rf6+ Kd5 60. Rd6+ Kc4 61. Bd4 Bf5 62. h4 Rd2 63. e6 Rxd4 64. e7 Re4 65. Rc6+
Kd5 66. Rc7 Ke5 0-1

[Event "ESP tch Segunda División 2014"]
[Site "Linares ESP"]
[Date "2014.08.19"]
[Round "2.2"]
[White "Lopez del Alamo, Antonio"]
[Black "Torrado Quintela, Julio"]
[Result "1/2-1/2"]
[WhiteElo "2275"]
[BlackElo "2247"]
[PlyCount "90"]
[EventDate "2014.08.18"]
[EventType "team-swiss"]
[EventRounds "6"]
[EventCountry "ESP"]
[Source "lmi"]
[SourceDate "2014.08.18"]
[WhiteTeam "64 VILLALBA"]
[BlackTeam "CLUB XADREZ FONTECARMOA"]

1. d4 d5 2. Nf3 Nf6 3. g3 e6 4. Bg2 Be7 5. c4 O-O 6. Qc2 Nbd7 7. O-O c6 8. Nbd2
b6 9. b3 Bb7 10. Bb2 Rc8 11. e4 dxe4 12. Nxe4 c5 13. Nxf6+ Bxf6 14. Ng5 Bxg5
15. Bxb7 Rc7 16. Bg2 cxd4 17. Bxd4 Nc5 18. Rad1 Rd7 19. Bc3 Rxd1 20. Rxd1 Qc7
21. f4 Be7 22. Be5 Qc8 23. b4 Nd7 24. Bd6 Bxd6 25. Rxd6 h5 26. Bf3 Nf6 27. c5
bxc5 28. bxc5 Qb8 29. Qb3 Qc7 30. Qc2 Rb8 31. Rd1 Rb5 32. c6 Qb6+ 33. Kh1 Rc5
34. Rd8+ Qxd8 35. Qxc5 Qd3 36. Kg2 Ng4 37. Bxg4 hxg4 38. Qc1 Qe4+ 39. Kf2 Qd4+
40. Kf1 Qd3+ 41. Kg1 Qd4+ 42. Kf1 Qd3+ 43. Kf2 Qd4+ 44. Qe3 Qc4 45. Qxa7 Qd4+
1/2-1/2

[Event "ESP tch Segunda División 2014"]
[Site "Linares ESP"]
[Date "2014.08.19"]
[Round "2.2"]
[White "Suarez Gomez, Julio"]
[Black "Moreno Trujillo, Alejandro"]
[Result "1-0"]
[WhiteElo "2294"]
[BlackElo "2525"]
[PlyCount "113"]
[EventDate "2014.08.18"]
[EventType "team-swiss"]
[EventRounds "6"]
[EventCountry "ESP"]
[Source "lmi"]
[SourceDate "2014.08.18"]
[WhiteTeam "CLUB XADREZ FONTECARMOA"]
[BlackTeam "64 VILLALBA"]

1. e4 e6 2. d4 d5 3. Nc3 Bb4 4. e5 c5 5. Bd2 Ne7 6. a3 Bxc3 7. Bxc3 b6 8. b4
Qc7 9. Qd2 a5 10. bxc5 bxc5 11. Nf3 Nd7 12. Bb5 Nc6 13. dxc5 O-O 14. O-O Nxc5
15. Rfc1 Ne4 16. Qe1 Bd7 17. Bb2 Nc5 18. Qe3 Ne7 19. a4 Nf5 20. Qa3 Bxb5 21.
axb5 a4 22. Nd4 Nxd4 23. Bxd4 Nd7 24. Qb4 Qa5 25. Rcb1 Rfb8 26. b6 h6 27. Qd6
Rb7 28. Qc6 Qa6 29. h3 Nb8 30. Qc8+ Kh7 31. Ra3 Nd7 32. Qc6 Nb8 33. Qc3 Qc4 34.
Qxc4 dxc4 35. Rba1 Nc6 36. Be3 Nxe5 37. Rxa4 Rab8 38. Ra7 Nc6 39. Rxb7 Rxb7 40.
Ra4 Kg6 41. Rxc4 Ne7 42. Ra4 Nd5 43. Bc5 Rb8 44. Ra6 Nc3 45. Ra3 Ne4 46. Be3
Nd6 47. Ra4 Kf6 48. c4 Rc8 49. c5 Nb7 50. Ra7 Nd8 51. Rc7 Rb8 52. c6 Ke5 53.
Rxf7 Rxb6 54. c7 Nxf7 55. c8=Q Rb1+ 56. Kh2 Kf6 57. Bd4+ 1-0

[Event "ESP tch Segunda División 2014"]
[Site "Linares ESP"]
[Date "2014.08.19"]
[Round "2.3"]
[White "Cuenca Jimenez, Jose Fernando"]
[Black "Mascaro March, Pedro"]
[Result "1-0"]
[WhiteElo "2473"]
[BlackElo "2417"]
[PlyCount "145"]
[EventDate "2014.08.18"]
[EventType "team-swiss"]
[EventRounds "6"]
[EventCountry "ESP"]
[Source "lmi"]
[SourceDate "2014.08.18"]
[WhiteTeam "CLUB AJEDREZ NAZARI"]
[BlackTeam "HOTELAN.COM - BINISSALEM"]

1. c4 e6 2. Nf3 Nf6 3. g3 b6 4. Bg2 Bb7 5. O-O Be7 6. b3 O-O 7. Bb2 d5 8. e3 c5
9. Nc3 Nc6 10. cxd5 Nxd5 11. Nxd5 Qxd5 12. Ne5 Qd6 13. Nc4 Qc7 14. Qg4 g6 15.
Rfd1 Rfd8 16. a4 Nb4 17. Bxb7 Qxb7 18. d4 h5 19. Qf4 g5 20. Qe5 Rd5 21. Qe4
Rad8 22. Rd2 Nc6 23. Rad1 cxd4 24. exd4 Na5 25. Rd3 Bf6 26. Qf3 Rf5 27. Qxb7
Nxb7 28. Ne3 Ra5 29. Bc3 Ra6 30. d5 Bxc3 31. Rxc3 Nc5 32. Kg2 Kg7 33. d6 Ne4
34. Rc4 Nc5 35. Rc3 Ne4 36. Rc6 Ra5 37. Rc4 Nf6 38. Rc7 Ne8 39. Nc4 Rd5 40. Re1
Nxc7 41. dxc7 Rc8 42. Ne3 Rd3 43. Rc1 Rxb3 44. Rc6 Kf8 45. a5 bxa5 46. Rc5 a4
47. Rxg5 Rxc7 48. Rxh5 f5 49. Rh4 a3 50. Ra4 Kf7 51. h4 Kf6 52. Ra6 Ke5 53. h5
Kd4 54. Rxe6 a5 55. Nxf5+ Kc3 56. Re3+ Kb4 57. Re4+ Rc4 58. Re1 a2 59. Ra1 Ka3
60. h6 Kb2 61. h7 Rc8 62. Nd6 Rh8 63. Re1 Ra8 64. Ra1 Rd8 65. Re1 Rc8 66. Rc1
a4 67. Rc5 Rc7 68. Rh5 a3 69. Nf5 Rc8 70. Nd6 Rb6 71. h8=Q+ Rxh8 72. Rh1 Ra8
73. Ra1 1-0

[Event "ESP tch Segunda División 2014"]
[Site "Linares ESP"]
[Date "2014.08.19"]
[Round "2.3"]
[White "Garcia Rodriguez, Victor"]
[Black "Diaz Nuñez, Adolfo"]
[Result "1-0"]
[WhiteElo "2179"]
[BlackElo "2253"]
[PlyCount "167"]
[EventDate "2014.08.18"]
[EventType "team-swiss"]
[EventRounds "6"]
[EventCountry "ESP"]
[Source "lmi"]
[SourceDate "2014.08.18"]
[WhiteTeam "CLUB AJEDREZ NAZARI"]
[BlackTeam "HOTELAN.COM - BINISSALEM"]

1. e4 c6 2. Nc3 d5 3. Nf3 Nf6 4. e5 Ne4 5. d3 Nxc3 6. bxc3 c5 7. d4 e6 8. Bd3
c4 9. Bf1 Qa5 10. Bd2 Be7 11. h4 Nc6 12. Rh3 Bd7 13. Rg3 g6 14. h5 O-O-O 15.
Ng5 Rdf8 16. Nh3 gxh5 17. Qxh5 f6 18. f4 fxe5 19. fxe5 Rf5 20. Qh6 Qd8 21. Rf3
Bf8 22. Qe3 Rxf3 23. Qxf3 Be7 24. Nf4 Qb6 25. g3 Rf8 26. Qd1 Rg8 27. Qf3 Qd8
28. Ke2 Bg5 29. Bh3 Bxf4 30. Bxf4 Qb6 31. Bd2 Qd8 32. Rf1 Qe7 33. Be1 Qg5 34.
Kd1 Kc7 35. g4 Rg6 36. Bd2 Qh4 37. g5 Ne7 38. Bg4 Rxg5 39. Bxg5 Qxg5 40. Rh1 h6
41. Rh5 Qg6 42. Qh3 Ba4 43. Rxh6 Qxc2+ 44. Ke1 Qc1+ 45. Kf2 Qd2+ 46. Be2 Bd1
47. Rh7 Qxe2+ 48. Kg1 Qe1+ 49. Qf1 Qg3+ 50. Qg2 Qe1+ 51. Qf1 Qxf1+ 52. Kxf1 Kd7
53. Kf2 Bc2 54. Rg7 Ke8 55. Kf3 Kf8 56. Rg1 Kf7 57. Kf4 b5 58. Rg2 Be4 59. Rb2
a6 60. a4 bxa4 61. Ra2 Nc6 62. Rxa4 a5 63. Ra2 Bf5 64. Rb2 Nxd4 65. cxd4 c3 66.
Rb7+ Kg6 67. Ke3 c2 68. Kd2 Kg5 69. Ra7 Kf4 70. Rxa5 Ke4 71. Ra4 Kf4 72. Ra1
Ke4 73. Kc3 Ke3 74. Re1+ Kf2 75. Kd2 Kf3 76. Rh1 Ke4 77. Rh4+ Kf3 78. Rh6 Ke4
79. Rh5 Kf4 80. Rh4+ Kf3 81. Rh1 Ke4 82. Rf1 Bg4 83. Kxc2 Kxd4 84. Rh1 1-0